Normal view
MARC view
- Environmental Sciences - MS Thesis
Entry Topical Term
001 - CONTROL NUMBER
- control field: 16117
003 - CONTROL NUMBER IDENTIFIER
- control field: NUST
005 - DATE AND TIME OF LATEST TRANSACTION
- control field: 20190701044306.0
008 - FIXED-LENGTH DATA ELEMENTS
- fixed length control field: 190701|| aca||aabn | a|a d
040 ## - CATALOGING SOURCE
- Original cataloging agency: NUST
- Transcribing agency: NUST
150 ## - HEADING--TOPICAL TERM
- Topical term or geographic name entry element: Environmental Sciences - MS Thesis
670 ## - SOURCE DATA FOUND
- Source citation: Work cat.: (NUST): Syed, Ali Hasan 16116, Spatial and Temporal analysis of CO2 over South Asia From 20002 tp 2017 Via Satellite Observations /, 2018
